| 000 -LEADER |
| fixed length control field |
01120cam a2200217 i 4500 |
| 001 - CONTROL NUMBER |
| control field |
17906587 |
| 005 - DATE AND TIME OF LATEST TRANSACTION |
| control field |
20221111164128.0 |
| 008 - FIXED-LENGTH DATA ELEMENTS--GENERAL INFORMATION |
| fixed length control field |
131017t20142014enk b 001 0 eng c |
| 020 ## - INTERNATIONAL STANDARD BOOK NUMBER |
| International Standard Book Number |
9781781951736x |
| 042 ## - AUTHENTICATION CODE |
| Authentication code |
eng |
| 080 ## - UNIVERSAL DECIMAL CLASSIFICATION NUMBER |
| Universal Decimal Classification number |
341.983(4) V-29 |
| 100 1# - MAIN ENTRY--PERSONAL NAME |
| Personal name |
Varju, Marton |
| 9 (RLIN) |
11132 |
| 245 10 - TITLE STATEMENT |
| Title |
European Union human rights law : |
| Remainder of title |
the dynamics of interpretation and context / |
| Statement of responsibility, etc. |
Marton Varju, Hungarian Academy of Sciences, Budapest and University of Debrecen, Debrecen, Hungary. |
| 246 3# - VARYING FORM OF TITLE |
| Title proper/short title |
EU human rights law |
| 264 #4 - PRODUCTION, PUBLICATION, DISTRIBUTION, MANUFACTURE, AND COPYRIGHT NOTICE |
| Date of production, publication, distribution, manufacture, or copyright notice |
[2014]. |
| Place of production, publication, distribution, manufacture |
Cheltenham, UK : |
| Name of producer, publisher, distributor, manufacturer |
Edward Elgar, |
| 300 ## - PHYSICAL DESCRIPTION |
| Extent |
271 pages ; |
| Dimensions |
24 cm. |
| 653 ## - INDEX TERM--UNCONTROLLED |
| keyword |
European Union Human Rights Law : The Dynamics of Interpretation and Context |
| 653 ## - INDEX TERM--UNCONTROLLED |
| keyword |
ადამიანის უფლებათა ევროპული სამართალი : ინტერპრეტაციისა და კონტექსტის დინამიკა |
| 653 ## - INDEX TERM--UNCONTROLLED |
| keyword |
Закон Европейского Союза о правах человека : динамика интерпретации и контекста |
| 942 ## - ADDED ENTRY ELEMENTS (KOHA) |
| Source of classification or shelving scheme |
|
| Koha item type |
წიგნი |